000 00785cam a2200253 a 4500
001 14579147
005 20180307070929.0
008 061002s2007 inua 001 0 eng
010 _a 2006032715
020 _a0471791202 (paper/website)
020 _a9780471791201 (paper/website)
035 _a(OCoLC)ocm71833403
035 _a(OCoLC)71833403
040 _aDLC
_cDLC
_dBAKER
_dC#P
_dYDXCP
_dVP@
_dBTCTA
_dDAY
_dMUQ
_dDLC
041 _aeng
080 _a006.74 POW
082 0 0 _a006.74 POW
_222
100 1 _a28
101 _aSHK
245 1 0 _aBeginning XML databases /
_cGavin Powell.
906 _a7
_bcbc
_corignew
_d1
_eecip
_f20
_gy-gencatlg
942 _2ddc
_cBK
999 _c44290
_d44290